[Event "Match"]
[Site "www.echecsemail.com"]
[Date "2018.02.23"]
[Round "1"]
[White "Mitja"]
[Black "Ssharp"]
[WhiteElo "2060"]
[BlackElo "2330"]
[Result "0-1"]
[Round "1"]
1.e3 e5
2.d4 e4
3.c3 Ng8f6
4.Ng1e2 d5
5.Ne2g3 Bf8d6
6.h3 Bd6xg3
7.fxg3 Qd8d6
8.g4 Qd6g3
9.Ke2 Qg3d6
10.Qd1b3 O-O
11.Nb1a3 a6
12.Qb3c2 Qd6g3
13.Kd1 b5
14.Qc2e2 Nf6xg4
15.Kd2 Ng4f2
16.Rh1g1 Nf2xh3
17.Rg1h1 Bc8g4
18.Rh1xh3 Bg4xe2
19.Rh3xg3 Be2xf1
20.b3 Bf1d3
21.Bc1b2 Nb8d7
22.Ra1h1 f5
23.Na3c2 Bd3xc2
24.Kxc2 Nd7f6
25.Bb2a3 Rf8f7
26.Rh1f1 g6
27.Rg3h3 h5
28.g3 Nf6g4
29.Kd2 Kg7
30.Ke2 a5
31.Ba3c5 a4
32.b4 Ra8h8
33.a3 Ng4f6
34.Rh3h1 Nf6h7
35.Rh1g1 Nh7g5
36.Rg1h1 Ng5f3
37.Rf1f2 Kf6
38.Rf2g2 Rf7h7
39.Rg2f2 h4
40.gxh4 Rh7xh4
41.Rh1xh4 Rh8xh4
42.Bc5f8 Rh4h8
43.Bf8c5 g5
44.Rf2f1 g4
45.Kf2 Nf3d2
46.Rf1g1 Nd2c4
47.Kg3 Nc4xe3
{ resign }
0-1

[Event "Fast Game"]
[Site "www.echecsemail.com"]
[Date "2018.02.23"]
[Round "1"]
[White "Hennie4820"]
[Black "Picifarkinca"]
[WhiteElo "1650"]
[BlackElo "1850"]
[Result "1-0"]
[Round "1"]
1.e4 e5
2.Ng1f3 d6
3.Bf1c4 Bc8e6
4.Bc4b3 Be6xb3
5.axb3 Ng8f6
6.d3 c6
7.O-O Nb8d7
8.Bc1e3 b6
9.Nb1c3 g6
10.Qd1d2 Bf8g7
11.Be3h6 O-O
12.Nf3h4 Nf6g4
13.Bh6xg7 Kxg7
14.g3 a5
15.h3 Ng4h6
16.f4 exf4
17.Qd2xf4 Nd7c5
18.Nh4f3 Qd8f6
19.Qf4xf6 Kxf6
20.Nf3d4 Kg7
21.Nd4xc6 Ra8e8
22.Nc6d4 Nc5e6
23.Nd4b5 Re8d8
24.Rf1f2 f5
25.Ra1f1 { resign }
1-0

[Event "Fast Game"]
[Site "www.echecsemail.com"]
[Date "2018.02.23"]
[Round "1"]
[White "Zack1984"]
[Black "Attatroll"]
[WhiteElo "1599"]
[BlackElo "1720"]
[Result "1-0"]
[Round "1"]
1.b4 c6
2.Bc1b2 a5
3.b5 cxb5
4.e4 b6
5.Bf1xb5 Nb8c6
6.d4 Bc8a6
7.Bb5xa6 Ra8xa6
8.d5 Nc6a7
9.Ng1f3 d6
10.O-O Ng8f6
11.Qd1e2 Qd8c8
12.a4 g6
13.e5 dxe5
14.Bb2xe5 Bf8g7
15.Ra1a3 O-O
16.Ra3c3 Qc8b7
17.Rc3c7 Qb7xd5
18.Qe2xa6 Na7c6
19.Be5xf6 Bg7xf6
20.Qa6xb6 Nc6b4
21.Rc7c5 Qd5a2
22.Qb6xa5 Nb4xc2
23.Qa5d2 Qa2xa4
24.Qd2xc2 { resign }
1-0

[Event "Fast Game"]
[Site "www.echecsemail.com"]
[Date "2018.02.23"]
[Round "1"]
[White "Apdash"]
[Black "Picifarkinca"]
[WhiteElo "2050"]
[BlackElo "1850"]
[Result "1-0"]
[Round "1"]
1.e4 c6
2.d4 d5
3.e5 Bc8f5
4.Ng1f3 e6
5.c4 Bf5e4
6.cxd5 Be4xd5
7.Bf1e2 Nb8d7
8.O-O Qd8b6
9.Nb1c3 Ng8e7
10.b3 Ne7g6
11.Nc3xd5 cxd5
12.Bc1d2 Bf8e7
13.Be2d3 O-O
14.Qd1e2 Ng6h4
15.Nf3xh4 { resign }
1-0

[Event "Tourn. n9669"]
[Site "www.chess-mail.com"]
[Date "2018.02.24"]
[Round "1"]
[White "Apdash"]
[Black "Hundegana"]
[WhiteElo "2290"]
[BlackElo "2050"]
[Result "1-0"]
[Round "1"]
1.e4 c5
2.Ng1f3 Nb8c6
3.Bf1c4 e6
4.Nb1c3 a6
5.a4 h5
6.d4 cxd4
7.Nf3xd4 Nc6xd4
8.Qd1xd4 Qd8f6
9.Qd4b6 Bf8e7
10.h4 Be7d8
11.Qb6b3 Ng8h6
12.Bc4e2 g6
13.Bc1g5 Qf6g7
14.Bg5xd8 Kxd8
15.a5 Ke7
16.Qb3b4 d6
17.O-O-O Rh8d8
18.g4 hxg4
19.f4 gxf3
20.Be2xf3 Ra8b8
21.Rh1e1 Qg7e5
22.Kb1 Qe5f4
23.Bf3e2 Nh6f5
24.Qb4b6 Nf5e3
25.Rd1d3 Ne3c4
26.Qb6c7 Bc8d7
27.Qc7xc4 Rd8c8
28.Qc4b4 Rc8c5
29.Re1f1 Qf4xh4
30.Rd3f3 f5
31.Rf3f4 Qh4h2
32.Rf4f2 Qh2h4
33.Rf2f4 Qh4f6
34.exf5 gxf5
35.Nc3e4 Qf6e5
36.Qb4e1 Rc5c6
37.Qe1h4 Kf8
38.Be2d1 b6
39.Ne4f6 Rb8c8
40.Nf6xd7 Kf7
41.Nd7xe5 dxe5
42.Bd1h5 Kf8
43.Qh4f6 Kg8
44.Rf1g1 Kh7
45.Qf6g7 { resign }
1-0

[Event "Tourn. n9696"]
[Site "www.chess-mail.com"]
[Date "2018.02.24"]
[Round "1"]
[White "Julian"]
[Black "Falcoale"]
[WhiteElo "1760"]
[BlackElo "1900"]
[Result "1-0"]
[Round "1"]
1.e4 c5
2.Ng1f3 Nb8c6
3.c3 e6
4.d4 cxd4
5.cxd4 Ng8f6
6.Nb1c3 Bf8b4
7.Bf1d3 d5
8.e5 Nf6e4
9.O-O Ne4xc3
10.bxc3 Bb4a5
11.Bc1b2 O-O
12.c4 dxc4
13.Bd3xc4 Ba5b6
14.Bc4b3 Qd8e7
15.a4 Rf8d8
16.Rf1e1 Nc6xd4
17.Nf3xd4 Qe7h4
18.g3 Qh4e7
19.Bb2a3 Qe7g5
20.Ba3d6 Rd8e8
21.a5 Bb6d8
22.Ra1a4 Bc8d7
23.Nd4f3 Qg5f5
24.Ra4f4 Qf5h5
25.Qd1d3 Bd7c6
26.Bb3c2 Bd8xa5
27.Rf4h4 Qh5f5
28.Qd3xf5 exf5
29.Re1e3 Ba5b6
30.Re3e1 Bc6xf3
31.Bc2xf5 g6
32.Bf5d7 Re8d8
33.e6 { resign }
1-0

[Event "Tourn. n9660"]
[Site "www.chess-mail.com"]
[Date "2018.02.24"]
[Round "1"]
[White "Fantomas"]
[Black "Prize64"]
[WhiteElo "2220"]
[BlackElo "2140"]
[Result "1-0"]
[Round "1"]
1.e4 c5
2.Ng1f3 d6
3.d4 cxd4
4.Nf3xd4 Ng8f6
5.Nb1c3 a6
6.h3 e5
7.Nd4b3 Nb8c6
8.Bc1e3 Bf8e7
9.Bf1e2 Bc8e6
10.Nc3d5 Nf6d7
11.Nd5xe7 Qd8xe7
12.Nb3d2 d5
13.exd5 Be6xd5
14.O-O O-O
15.c4 Bd5e6
16.b3 Ra8d8
17.Qd1c1 Nc6d4
18.Be2d1 Nd7c5
19.Qc1c3 f6
20.b4 Nc5a4
21.Qc3a3 b5
22.c5 Qe7f7
23.Nd2e4 Be6c4
24.Rf1e1 Qf7g6
25.Ne4d2 Bc4d5
26.f3 Nd4c2
27.Bd1xc2 Qg6xc2
28.Re1c1 Qc2g6
29.Rc1f1 f5
30.Ra1d1 f4
31.Be3f2 Bd5c6
32.Rf1e1 Rd8d3
33.Qa3c1 Rf8d8
34.Nd2e4 Bc6xe4
35.fxe4 f3
36.g3 Qg6e6
37.Rd1xd3 Rd8xd3
38.Re1e3 Qe6xh3
39.Qc1f1 Rd3d1
40.Re3e1 Rd1xe1
41.Bf2xe1 Qh3g4
42.Qf1d3 h6
43.a3 Kh7
44.Kf2 Qg4e6
45.Kxf3 Na4b2
46.Qd3d5 Qe6f6
47.Kg2 Nb2c4
48.Be1f2 Qf6e7
49.c6 Qe7c7
50.Qd5d7 { resign }
1-0

[Event "Tourn. n9744"]
[Site "www.chess-mail.com"]
[Date "2018.02.24"]
[Round "1"]
[White "Falcoale"]
[Black "Sefj"]
[WhiteElo "1930"]
[BlackElo "1809"]
[Result "0-1"]
[Round "1"]
1.e4 e5
2.Ng1f3 Bf8c5
3.Nb1c3 c6
4.Nf3xe5 d5
5.exd5 Bc5xf2
6.Kxf2 Qd8h4
7.Ke2 Qh4e7
8.d4 Bc8g4
9.Kd3 Bg4xd1
10.Nc3xd1 cxd5
11.Bc1e3 Qe7h4
12.Nd1f2 Nb8a6
13.Kd2 Qh4e7
14.Bf1b5 Kd8
15.Ra1e1 Qe7b4
16.Kc1 Qb4xb5
17.Ne5xf7 Kd7
18.Nf7xh8 Ra8f8
19.Nf2g4 Kc8
20.Ng4e5 Ng8f6
21.Nh8f7 Nf6e4
22.Be3d2 Qb5a4
23.a3 Qa4xd4
24.Bd2e3 Qd4a4
25.Be3xa7 Na6b4
26.Re1e2 Qa4xa7
27.Rh1f1 Nb4a2
28.Kd1 Qa7d4
29.Ne5d3 Rf8xf7
30.Rf1xf7 Qd4g1
31.Nd3e1 Ne4c3
32.bxc3 Na2xc3
33.Kd2 Qg1d4
34.Ne1d3 Nc3xe2
35.Kxe2 Qd4g4
36.Kd2 Qg4xg2
37.Kc1 Qg2g1
38.Kb2 Qg1b6
39.Kc1 h5
40.Nd3b4 Qb6e6
41.Rf7f8 Kd7
42.Nb4d3 Qe6e3
43.Kb2 Ke7
44.Rf8b8 Qe3b6
45.Kc1 Qb6a7
46.Rb8h8 Qa7g1
47.Kb2 Qg1xh2
48.Rh8b8 Qh2xb8
{ resign }
0-1

[Event "Tourn. n9712"]
[Site "www.chess-mail.com"]
[Date "2018.02.24"]
[Round "1"]
[White "Fantomas"]
[Black "Marbachess"]
[WhiteElo "2270"]
[BlackElo "2590"]
[Result "0-1"]
[Round "1"]
1.e4 e6
2.d4 d5
3.exd5 exd5
4.Bc1e3 Bf8d6
5.Bf1d3 Nb8c6
6.c3 Ng8e7
7.Qd1d2 O-O
8.Qd2c2 f5
9.f3 Ne7g6
10.Qc2f2 f4
11.Be3c1 Qd8e7
12.Ng1e2 Bc8f5
13.Bd3xf5 Rf8xf5
14.O-O Ra8e8
15.Rf1e1 Nc6e5
{ resign }
0-1

[Event "Tourn. n9709"]
[Site "www.chess-mail.com"]
[Date "2018.02.24"]
[Round "1"]
[White "Scasan55"]
[Black "Julian"]
[WhiteElo "2010"]
[BlackElo "1800"]
[Result "0-1"]
[Round "1"]
1.e4 e5
2.Ng1f3 Nb8c6
3.Bf1c4 Ng8f6
4.Nb1c3 Bf8e7
5.O-O O-O
6.a3 d6
7.h3 Bc8e6
8.Bc4xe6 fxe6
9.d3 d5
10.exd5 exd5
11.Bc1g5 Qd8d7
12.Rf1e1 e4
 { time }
0-1

[Event "Match"]
[Site "www.echecsemail.com"]
[Date "2018.02.24"]
[Round "1"]
[White "Darknight"]
[Black "Whitekknight"]
[WhiteElo "1750"]
[BlackElo "1900"]
[Result "1-0"]
[Round "1"]
1.e4 e5
2.Bf1c4 Ng8f6
3.d3 Nb8c6
4.a3 Bf8c5
5.h3 d6
6.Bc1g5 Nc6d4
7.c3 Nd4e6
8.Bc4xe6 Bc8xe6
9.a4 h6
10.Bg5h4 g5
11.Bh4g3 Qd8e7
12.b4 Bc5b6
13.a5 Nf6h5
14.Qd1xh5 { resign }
1-0

[Event "Match"]
[Site "www.echecsemail.com"]
[Date "2018.02.24"]
[Round "1"]
[White "Caspito"]
[Black "Sefj"]
[WhiteElo "1950"]
[BlackElo "1809"]
[Result "0-1"]
[Round "1"]
1.e4 g5
2.d4 e6
3.e5 c5
4.Bc1e3 Nb8c6
5.Bf1b5 Qd8a5
6.Nb1c3 cxd4
7.Be3xd4 Nc6xd4
8.Qd1xd4 Bf8b4
9.Ng1e2 Ng8e7
10.O-O Ne7f5
11.Qd4e4 Nf5e7
12.a3 Bb4c5
13.b4 Qa5c7
14.bxc5 Qc7xc5
15.Rf1d1 Ne7g6
16.Bb5xd7 Bc8xd7
17.Qe4xb7 Ra8d8
18.Qb7e4 Ng6xe5
19.a4 f5
20.Qe4d4 Qc5c7
21.Ra1b1 O-O
22.Ne2g3 Bd7c8
23.Qd4b4 a5
24.Qb4b3 Rd8xd1
25.Rb1xd1 Ne5g4
26.h3 Ng4f6
27.Ng3xf5 Qc7f4
28.Nf5g3 Kh8
29.Qb3b6 Qf4e5
30.Qb6b5 Qe5xc3
31.Qb5b3 Qc3c6
32.c4 Bc8b7
33.f3 g4
34.hxg4 Nf6xg4
35.Qb3b2 Ng4f6
36.Ng3h5 Qc6c5
37.Rd1d4 e5
38.Qb2xb7 Qc5xd4
39.Kf1 Nf6xh5
{ resign }
0-1

[Event "Match"]
[Site "www.echecsemail.com"]
[Date "2018.02.24"]
[Round "1"]
[White "Dussek"]
[Black "Caroluigi"]
[WhiteElo "1780"]
[BlackElo "1510"]
[Result "0-1"]
[Round "1"]
1.e4 e5
2.f4 d6
3.Ng1f3 Nb8d7
4.Bf1c4 h6
5.f5 Ng8f6
6.Nb1c3 b6
7.d4 Bc8b7
8.d5 Nd7c5
9.Bc1e3 a6
10.O-O Nc5xe4
11.Nc3xe4 Nf6xe4
12.Qd1d3 Ne4f6
13.Ra1d1 e4
14.Qd3d4 exf3
15.Rf1xf3 Bf8e7
16.Rd1e1 Qd8d7
17.b3 b5
18.Bc4d3 Bb7xd5
19.Rf3g3 c5
20.Qd4a1 Rh8g8
21.c4 bxc4
22.bxc4 Bd5b7
23.Qa1b2 Kf8
24.Be3f4 Nf6h5
25.Rg3f3 Bb7xf3
26.gxf3 Nh5xf4
27.Bd3e4 Be7f6
28.Qb2b6 Qd7e7
29.Qb6c6 Bf6d4
30.Kh1 Ra8d8
31.Qc6xa6 Qe7g5
{ resign }
0-1

[Event "1/64 Finale"]
[Site "www.chess-mail.com"]
[Date "2018.02.24"]
[Round "1"]
[White "Osopanda"]
[Black "Izastar"]
[WhiteElo "1890"]
[BlackElo "2069"]
[Result "1-0"]
[Round "1"]
1.e4 c5
2.Ng1f3 e6
3.d4 cxd4
4.Nf3xd4 Ng8f6
5.Nb1c3 Qd8b6
6.Bf1e2 Bf8c5
7.Nc3a4 Qb6b4
8.c3 Bc5xd4
9.O-O  { time }
1-0

[Event "1/128 Finale"]
[Site "www.chess-mail.com"]
[Date "2018.02.24"]
[Round "1"]
[White "Julian"]
[Black "Izastar"]
[WhiteElo "1800"]
[BlackElo "2069"]
[Result "1-0"]
[Round "1"]
1.e4 c5
2.Ng1f3 e6
3.d4 cxd4
4.Nf3xd4 Ng8f6
5.Nb1c3 Qd8b6
6.Bf1c4 Bf8c5
7.Nc3a4 Qb6b4
8.c3 Qb4xc4
9.Na4xc5  { time }
1-0

[Event "Fast Game"]
[Site "www.echecsemail.com"]
[Date "2018.02.24"]
[Round "1"]
[White "Picifarkinca"]
[Black "Stevep84"]
[WhiteElo "1850"]
[BlackElo "1960"]
[Result "0-1"]
[Round "1"]
1.d4 Ng8f6
2.c4 g6
3.Nb1c3 Bf8g7
4.e4 d6
5.f3 O-O
6.Bc1e3 e5
7.d5 c6
8.Bf1d3 b5
9.cxb5 cxd5
10.exd5 e4
11.fxe4 Nf6g4
12.Be3d2 Qd8b6
13.Qd1e2 Bg7d4
14.O-O-O Ng4f2
15.Bd2h6 Nf2xh1
16.Bh6xf8 Kxf8
17.Ng1f3 Bd4e3
18.Kb1 Nh1f2
{ resign }
0-1

[Event "Tourn. n9651"]
[Site "www.chess-mail.com"]
[Date "2018.02.25"]
[Round "1"]
[White "Pachi"]
[Black "Picifarkinca"]
[WhiteElo "1640"]
[BlackElo "1650"]
[Result "0-1"]
[Round "1"]
1.e4 c6
2.d4 d5
3.Nb1c3 dxe4
4.Nc3xe4 Nb8d7
5.d5 Qd8a5
6.c3 Qa5xd5
7.Qd1d4 e5
8.Qd4e3 Ng8f6
9.f3 Nf6xe4
10.fxe4 Qd5e6
11.b3 Bf8c5
12.Bf1c4 Qe6e7
13.Qe3g3 f6
14.Bc1e3 Bc5xe3
15.Qg3xe3 Nd7b6
16.O-O-O Nb6xc4
17.bxc4 Bc8e6
18.Qe3e2 Qe7a3
19.Kb1 Qa3xc3
20.Ng1f3 Qc3xc4
21.Qe2xc4 Be6xc4
22.Rd1e1 O-O
23.Nf3d2 Bc4d3
24.Kc1 Rf8d8
25.h4 c5
26.Nd2b3 c4
27.Nb3c5 b5
28.h5 a5
29.h6 g6
30.g3 Kf7
31.Rh1h2 Ra8c8
32.Nc5b7 Rd8d7
33.Nb7xa5 Rd7a7
34.Na5b3 cxb3
35.Kb2 Ra7xa2
36.Kxb3 Ra2xh2
37.Re1e3 Bd3c4
38.Kb4 Rh2xh6
39.Re3a3 Rc8c7
40.Ra3a6 Rh6h1
41.Ka5 Rh1a1
42.Kb6 Ra1xa6
43.Kxa6 b4
44.Kb6 b3
45.Kxc7 b2
{ resign }
0-1

[Event "Tourn. n9685"]
[Site "www.chess-mail.com"]
[Date "2018.02.25"]
[Round "1"]
[White "Hansen"]
[Black "Cal"]
[WhiteElo "1550"]
[BlackElo "1580"]
[Result "1-0"]
[Round "1"]
1.e4 e5
2.Bf1c4 Ng8f6
3.d3 h6
4.g4 Bf8c5
5.g5 hxg5
6.Bc1xg5 Bc5e7
7.Ng1f3 Nf6h5
8.Nf3xe5 f6
9.Ne5f7 Nb8c6
10.Nf7xd8 Nc6xd8
11.Bg5h4 Nh5f4
12.Qd1g4 c6
13.Qg4xg7 Rh8h5
14.Qg7g8 Be7f8
15.Bh4xf6 b5
16.Bc4b3 Nd8e6
17.Rh1g1 Rh5xh2
18.Rg1g4 Rh2h1
19.Kd2 Nf4h5
20.Bf6e5 Rh1h2
21.Qg8g6 Kd8
22.Be5xh2 Nh5g7
23.Qg6f6 Bf8e7
24.Qf6f7 c5
25.Qf7g8 Ng7e8
26.Nb1c3 Bc8b7
27.f4 Kc7
28.f5 d6
29.Qg8xe6 Kd8
30.Nc3xb5 a6
31.Nb5c3 Bb7c8
32.Qe6f7 Ra8a7
33.Ke2 Ra7b7
34.Rg4g8 Bc8d7
35.f6 Be7xf6
36.Qf7xf6 Kc7
37.Nc3d5 Kc6
38.Bb3a4 Rb7b5
39.Rg8xe8 Bd7xe8
40.Qf6xd6 Kb7
41.Qd6c7 Ka8
42.Ba4xb5 axb5
43.Qc7b8 { resign }
1-0

[Event "Tourn. n9680"]
[Site "www.chess-mail.com"]
[Date "2018.02.25"]
[Round "1"]
[White "Bojan"]
[Black "Sahlapalat"]
[WhiteElo "1960"]
[BlackElo "2080"]
[Result "1-0"]
[Round "1"]
1.e4 c5
2.Ng1f3 d6
3.c3 Ng8f6
4.e5 dxe5
5.Nf3xe5 e6
6.Bf1b5 Bc8d7
7.Ne5xd7 Nb8xd7
8.d4 a6
9.Bb5a4 b5
10.Ba4c2 Qd8c7
11.Bc1e3 Bf8d6
12.Qd1f3 O-O
13.Nb1d2 cxd4
14.Be3xd4 Bd6c5
15.Bd4xc5 Qc7xc5
16.O-O Ra8d8
17.Rf1e1 Nd7e5
18.Qf3e2 Ne5c6
19.Nd2e4 Nf6xe4
20.Qe2xe4 g6
21.h4 Rd8d2
22.Re1e2 Rf8d8
23.Ra1e1 h5
24.Qe4f4 Kg7
25.Re2xd2 Rd8xd2
26.Qf4xd2 e5
27.Bc2e4 { resign }
1-0

[Event "Tourn. n9737"]
[Site "www.chess-mail.com"]
[Date "2018.02.25"]
[Round "1"]
[White "Cal"]
[Black "Picifarkinca"]
[WhiteElo "1510"]
[BlackElo "1680"]
[Result "0-1"]
[Round "1"]
1.Ng1f3 d5
2.d4 Ng8f6
3.h3 e6
4.a3 c5
5.dxc5 Bf8xc5
6.Bc1g5 Qd8b6
7.e3 Nf6e4
8.b3 Ne4xg5
9.Nf3xg5 Bc5xe3
10.Ng5xf7 Be3xf2
{ resign }
0-1

[Event "Tourn. n9646"]
[Site "www.chess-mail.com"]
[Date "2018.02.25"]
[Round "1"]
[White "Joaodelisboa"]
[Black "Jopesilo"]
[WhiteElo "2170"]
[BlackElo "2059"]
[Result "0-1"]
[Round "1"]
1.e4 c6
2.d4 d5
3.Nb1c3 dxe4
4.Nc3xe4 Bc8f5
5.Ne4g3 Bf5g6
6.Ng1f3 Ng8f6
7.Bf1d3 e6
8.O-O Nb8d7
9.Bc1g5 Bf8e7
10.Bd3xg6 hxg6
11.c3 Nf6h5
12.Bg5xe7 Qd8xe7
13.Rf1e1 Nh5xg3
14.fxg3 Nd7f6
15.Nf3e5 O-O
16.Qd1f3 Nf6d7
17.Ne5xd7 Qe7xd7
18.g4 Qd7d5
19.Qf3h3 Qd5g5
20.Qh3g3 Rf8e8
21.Qg3f3 Ra8d8
22.Ra1d1 Rd8d7
23.Re1e5 Qg5f6
24.Qf3g3 Qf6e7
25.Rd1e1 Qe7d6
26.Qg3h3 f6
27.Re5e3 c5
28.g5 f5
29.Qh3h4 Kf7
30.dxc5 Qd6xc5
31.Kh1 e5
32.Qh4a4 b5
33.Qa4b3 Qc5c4
34.Qb3xc4 bxc4
35.g3 e4
36.Re3e2 Rd7d3
37.Kg2 Re8d8
38.Kf2 Rd8h8
39.Kg2 Ke6
40.Re1h1 a5
41.a3 Rh8h5
42.h4 Rh5h8
43.Rh1f1 Rh8d8
44.Kh2 Rd8d5
45.Kg2 Kd6
46.a4 Ke5
47.Rf1f2 Rd3d1
48.Rf2f1 Rd1xf1
49.Kxf1 Rd5d1
50.Re2e1 Rd1xe1
51.Kxe1 e3
{ resign }
0-1

[Event "Tourn. n9686"]
[Site "www.chess-mail.com"]
[Date "2018.02.25"]
[Round "1"]
[White "Apdash"]
[Black "Prize64"]
[WhiteElo "2240"]
[BlackElo "2120"]
[Result "1-0"]
[Round "1"]
1.e4 c5
2.Ng1f3 Nb8c6
3.d4 cxd4
4.Nf3xd4 g6
5.c3 Bf8g7
6.Bc1e3 Ng8f6
7.Nb1d2 d6
8.Bf1e2 O-O
9.O-O Bc8d7
10.f4 Qd8b6
11.Nd2c4 Qb6d8
12.Be2d3 Nf6g4
13.Nd4xc6 bxc6
14.f5 Ng4xe3
15.Nc4xe3 Qd8b6
16.Qd1e2 Bg7h6
17.Rf1f3 Bh6xe3
18.Rf3xe3 Ra8b8
19.b3 a5
20.Kh1 a4
21.b4 c5
22.a3 cxb4
23.cxb4 Qb6d4
24.Ra1d1 Rf8c8
25.fxg6 hxg6
26.Re3g3 Kg7
27.Bd3a6 Rc8c3
28.Rd1xd4 Rc3c1
29.Rd4d1 { resign }
1-0

[Event "Tourn. n9742"]
[Site "www.chess-mail.com"]
[Date "2018.02.25"]
[Round "1"]
[White "Mitja"]
[Black "Fantomas"]
[WhiteElo "2060"]
[BlackElo "2290"]
[Result "0-1"]
[Round "1"]
1.d4 Ng8f6
2.e3 c6
3.c3 d5
4.h3 Bc8f5
5.Ng1e2 Nb8d7
6.Ne2g3 Bf5g6
7.b3 e5
8.dxe5 Nd7xe5
9.Bc1b2 Bf8d6
10.Bf1e2 O-O
11.O-O Qd8c7
12.Qd1e1 Ne5d7
13.c4 Rf8e8
14.Nb1d2 Bd6xg3
15.fxg3 Re8xe3
16.g4 Ra8e8
17.Rf1f2 Bg6d3
18.Nd2f3 Re3xe2
19.Rf2xe2 Re8xe2
20.Qe1d1 Qc7g3
{ resign }
0-1

[Event "Tourn. n9639"]
[Site "www.chess-mail.com"]
[Date "2018.02.25"]
[Round "1"]
[White "Hansen"]
[Black "Passaroa25"]
[WhiteElo "1520"]
[BlackElo "1680"]
[Result "1-0"]
[Round "1"]
1.e4 Nb8c6
2.c3 Ng8f6
3.Bf1b5 Nc6e5
4.d4 Ne5c6
5.d5 Nf6xe4
6.dxc6 dxc6
7.Qd1xd8 Kxd8
8.h3 Ne4d6
9.Bb5d3 f6
10.Ng1f3 Bc8d7
11.O-O e5
12.Bc1e3 b6
13.b4 Bd7f5
14.Bd3xf5 Nd6xf5
15.Rf1d1 Bf8d6
16.a4 Ke7
17.g4 Nf5h6
18.g5 Nh6f5
19.b5 c5
20.gxf6 gxf6
21.Nb1d2 Ra8g8
22.Kf1 Nf5g7
23.Nd2e4 Ng7e6
24.Nf3h4 Rg8d8
25.Nh4f5 Kf7
26.Ke2 Ne6f4
27.Kf1 Ke6
28.Nf5h6 Rh8f8
29.Nh6g4 Nf4xh3
30.Kg2 Nh3g5
31.Be3xg5 fxg5
32.Ne4xg5 Kd7
33.Ng4xe5 Ke7
34.Ne5c6 Kd7
35.a5 Rd8a8
36.Rd1e1 h5
37.Ng5e6 Rf8e8
38.Ne6g5 c4
39.Re1d1 Kc8
40.axb6 cxb6
41.Rd1xd6 Kc7
42.Ra1d1 a5
43.Rd6d7 Kc8
44.Ng5f7 a4
45.Rd1d6 a3
46.Nc6b4 a2
47.Nb4c2 a1Q
48.Nc2xa1 Ra8xa1
49.f4 Re8e2
50.Kf3 Ra1a2
51.Rd7d8 { resign }
1-0

[Event "Tourn. n9744"]
[Site "www.chess-mail.com"]
[Date "2018.02.25"]
[Round "1"]
[White "Bojan"]
[Black "Sefj"]
[WhiteElo "1820"]
[BlackElo "1809"]
[Result "0-1"]
[Round "1"]
1.b4 e5
2.c3 c5
3.Qd1b3 cxb4
4.cxb4 Qd8b6
5.a3 Ng8f6
6.Bc1b2 Nf6e4
7.e3 Ne4c5
8.Qb3d5 d6
9.Nb1c3 Bc8e6
10.Qd5f3 Nc5b3
11.Ra1d1 Nb8c6
12.Nc3d5 Qb6d8
13.Bf1c4 Nb3d4
14.exd4 exd4
15.d3 Nc6e5
16.Qf3e4 Ne5xc4
17.dxc4 Ra8c8
18.Rd1xd4 Qd8g5
19.Ng1h3 Qg5h6
20.Nd5f4 Bf8e7
21.Qe4xb7 O-O
22.Qb7xe7 Be6xc4
23.Kd2 d5
24.Rh1e1 Bc4b3
25.Re1c1 Qh6a6
26.Rc1xc8 Rf8xc8
27.Ke1 Bb3a4
28.Kd2 Qa6f1
29.Rd4xd5 Rc8c2
30.Ke3 Qf1e1
31.Kf3 Qe1xe7
32.Bb2d4 Ba4c6
33.Bd4c5 Bc6xd5
34.Nf4xd5 Qe7b7
35.Ke4 f5
36.Kd3 Rc2xc5
{ resign }
0-1

[Event "Tourn. n9694"]
[Site "www.chess-mail.com"]
[Date "2018.02.25"]
[Round "1"]
[White "Destructor"]
[Black "Ejner"]
[WhiteElo "2579"]
[BlackElo "2380"]
[Result "0-1"]
[Round "1"]
1.e4 c5
2.Ng1f3 e6
3.d4 cxd4
4.Nf3xd4 Ng8f6
5.Nb1c3 Nb8c6
6.Nd4b5 Bf8b4
7.a3 Bb4xc3
8.Nb5xc3 d5
9.exd5 exd5
10.Bf1d3 O-O
11.O-O d4
12.Nc3e2 Bc8g4
13.Rf1e1 Rf8e8
14.Bc1g5 h6
15.Bg5h4 Bg4xe2
16.Re1xe2 Qd8d6
17.f3 Re8xe2
18.Qd1xe2 Ra8e8
19.Qe2d2 a6
20.Bh4g3 Qd6d5
 { time }
0-1

[Event "Tourn. n9712"]
[Site "www.chess-mail.com"]
[Date "2018.02.25"]
[Round "1"]
[White "Tobernor"]
[Black "Fantomas"]
[WhiteElo "2250"]
[BlackElo "2270"]
[Result "1-0"]
[Round "1"]
1.d4 e6
2.c4 d5
3.Nb1c3 Ng8f6
4.Bc1g5 Bf8e7
5.e3 h6
6.Bg5h4 c6
7.Ng1f3 O-O
8.Qd1c2 Nb8d7
9.Bf1d3 Nf6h5
10.Bh4xe7 Qd8xe7
11.O-O f5
12.cxd5 cxd5
13.Nc3e2 Rf8e8
14.Ra1c1 Nh5f6
15.Qc2c7 Re8d8
16.Rc1c3 Nf6e8
17.Qc7g3 Qe7f6
18.Rf1c1 a6
19.h4 g6
20.Ne2f4 Kf7
21.a3 Qf6g7
22.Rc3c7 Ne8xc7
23.Rc1xc7 Kf6
24.Nf3e5 Qg7h7
25.Nf4xg6 Rd8g8
26.h5 { resign }
1-0

[Event "Tourn. n9624"]
[Site "www.chess-mail.com"]
[Date "2018.02.25"]
[Round "1"]
[White "Szustan"]
[Black "Marbachess"]
[WhiteElo "2510"]
[BlackElo "2570"]
[Result "1-0"]
[Round "1"]
1.e4 e6
2.d4 d5
3.Nb1c3 Bf8b4
4.e5 c5
5.a3 Bb4a5
6.b4 cxd4
7.Qd1g4 Ng8e7
8.bxa5 dxc3
9.Qg4xg7 Rh8g8
10.Qg7xh7 Nb8c6
11.f4 Nc6d4
12.Ng1h3 Qd8xa5
13.Nh3g5 Bc8d7
14.Qh7xf7 Kd8
15.Bf1d3 Qa5c5
16.f5 Nd4xf5
17.Ra1b1 Kc7
18.Rb1b5 Qc5d4
19.Bd3xf5 Qd4xe5
20.Kd1 exf5
21.Rb5b4 Qe5g7
22.Ng5e6 Bd7xe6
23.Qf7xe6 Ne7g6
24.Bc1g5 Ra8e8
25.Qe6xd5 Kb8
26.Rh1e1 Ka8
27.Re1xe8 Rg8xe8
28.Qd5xf5 Ng6f8
29.Rb4e4 Nf8e6
30.Ke1 Qg7d7
31.Bg5e3 Qd7c6
32.Qf5g6 Re8e7
33.h4 Qc6d7
34.h5 b6
35.h6 Ne6f8
36.Re4xe7 Qd7xe7
37.Qg6c6 Kb8
38.Kf2 Nf8e6
39.Kg1 Ne6c7
40.Be3f2 Qe7e2
41.Qc6xc3 Nc7d5
42.Qc3g3 Kb7
43.h7 { resign }
1-0

[Event "Tourn. n9695"]
[Site "www.chess-mail.com"]
[Date "2018.02.25"]
[Round "1"]
[White "Libiesse"]
[Black "Falcoale"]
[WhiteElo "1830"]
[BlackElo "1920"]
[Result "0-1"]
[Round "1"]
1.d4 Ng8f6
2.c4 e6
3.Ng1f3 b6
4.Bc1g5 h6
5.Bg5h4 Bf8e7
6.Nb1c3 Bc8b7
7.e3 O-O
8.h3 d5
9.cxd5 exd5
10.Bh4g3 a6
11.Ra1c1 Be7b4
12.a3 Bb4e7
13.b4 Be7d6
14.Bg3h2 Bd6xh2
15.Nf3xh2 c6
16.Nh2f3 Rf8e8
17.Bf1e2 Nb8d7
18.O-O Nf6e4
19.Nc3a4 b5
20.Na4c5 Ne4xc5
21.bxc5 a5
22.Qd1b3 Nd7f6
23.Rf1e1 Ra8b8
24.Rc1c2 Bb7c8
25.Re1c1 Nf6e4
26.Rc1a1 f6
27.Be2d3 Bc8e6
28.Rc2b2 Qd8c7
29.Qb3c2 Be6f5
30.Nf3h4 Bf5h7
31.f3 Qc7g3
32.Bd3xe4 Bh7xe4
33.Qc2f2 Qg3xf2
34.Kxf2 Be4d3
35.g4 Re8e7
36.Nh4g2 Bd3c4
37.h4 Re7b7
38.h5 Rb7e7
39.Ng2f4 Rb8e8
40.Ra1e1 Re7b7
41.Nf4g6 b4
42.axb4 axb4
43.Re1a1 b3
44.Ng6h4 Rb7b8
45.Nh4f5 Rb8a8
46.Ra1d1 Ra8a2
47.Rb2xa2 bxa2
{ resign }
0-1

[Event "Tourn. n9715"]
[Site "www.chess-mail.com"]
[Date "2018.02.25"]
[Round "1"]
[White "Picifarkinca"]
[Black "Dussek"]
[WhiteElo "1640"]
[BlackElo "1780"]
[Result "1-0"]
[Round "1"]
1.d4 Ng8f6
2.c4 c5
3.Ng1f3 d6
4.dxc5 Nb8c6
5.cxd6 exd6
6.Nb1c3 Bf8e7
7.g3 O-O
8.Bf1g2 Bc8f5
9.O-O Qd8c7
10.Bc1f4 Ra8d8
11.Nc3d5 Nf6xd5
12.cxd5 Nc6b8
13.Nf3d4 Bf5g6
14.e4 Nb8d7
15.Ra1c1 Nd7c5
16.b4 b6
17.bxc5 bxc5
18.Nd4c6 Rd8e8
19.Rc1xc5 Re8c8
20.Qd1c1 Qc7d7
21.Nc6xe7 Qd7xe7
22.Rc5xc8 { resign }
1-0

[Event "Tourn. n9626"]
[Site "www.chess-mail.com"]
[Date "2018.02.25"]
[Round "1"]
[White "Odin"]
[Black "Libiesse"]
[WhiteElo "1890"]
[BlackElo "1840"]
[Result "0-1"]
[Round "1"]
1.d4 d5
2.Ng1f3 e6
3.b3 Ng8f6
4.Nb1d2 c5
5.Bc1b2 cxd4
6.Bb2xd4 Bf8e7
7.g3 Nb8c6
8.Bd4b2 O-O
9.Bf1g2 a5
10.O-O Qd8b6
11.e3 a4
12.Nf3d4 a3
13.Bb2c3 Qb6c5
14.Nd2b1 b5
15.Nd4xc6 Qc5xc6
16.Qd1d2 Rf8d8
17.Bc3b4 Be7xb4
18.c3 Bb4e7
19.c4 bxc4
20.bxc4 Qc6xc4
21.Nb1c3 Be7b4
22.Rf1c1 Bc8a6
23.Bg2f1 Qc4c6
24.Bf1g2 Nf6e4
25.Bg2xe4 dxe4
26.Qd2c2 Rd8c8
27.Qc2xe4 Bb4xc3
28.Qe4xc6 Rc8xc6
29.Ra1b1 Ra8c8
30.Rb1b3 Bc3b2
31.Rc1xc6 Rc8xc6
32.Kg2 g6
33.Kf3 Ba6c4
34.Rb3b8 Kg7
35.Kg4 Bc4xa2
36.f4 Ba2d5
37.h4 Rc6a6
38.h5 Bb2f6
39.hxg6 hxg6
40.Kh3 a2
{ resign }
0-1

[Event "Tourn. n9731"]
[Site "www.chess-mail.com"]
[Date "2018.02.25"]
[Round "1"]
[White "Dussek"]
[Black "Picifarkinca"]
[WhiteElo "1720"]
[BlackElo "1680"]
[Result "0-1"]
[Round "1"]
1.c4 e6
2.Ng1f3 Ng8f6
3.d4 d5
4.Bc1g5 Nb8d7
5.e3 c6
6.Nb1c3 Qd8a5
7.Bf1e2 Nf6e4
8.Ra1c1 Ne4xc3
9.Rc1xc3 Bf8b4
10.O-O Bb4xc3
11.bxc3 Qa5xc3
{ resign }
0-1

[Event "Tourn. n9709"]
[Site "www.chess-mail.com"]
[Date "2018.02.25"]
[Round "1"]
[White "Silent1"]
[Black "Izastar"]
[WhiteElo "1960"]
[BlackElo "2039"]
[Result "1-0"]
[Round "1"]
1.d4 f5
2.Nb1c3 Ng8f6
3.e4 d6
4.e5 dxe5
5.dxe5 Qd8xd1
6.Nc3xd1 Nf6d7
7.Ng1f3 Nb8c6
8.e6 Nd7c5
9.Bf1c4 Bc8xe6
10.Bc4xe6 Nc5xe6
11.c3 O-O-O
12.O-O h6
13.b4 g5
14.Nd1e3 Ne6g7
15.Bc1b2 f4
16.Ne3c4  { time }
1-0